Tiếp tục thực hành cạnh tranh bằng hiệu quả
Nội dung tập trung toàn bộ về hoạt động tiếp thị từ nguyên lý, chiến lược, lập kế hoạch và hành động. Từ đó giúp cho bạn đọc một sự dẫn dắt toàn diện, rõ ràng hiệu quả và từng bước một để tạo nên nhận thức của khách hàng và d...
Uloženo v:
| Hlavní autor: | |
|---|---|
| Médium: | Kniha |
| Jazyk: | Undetermined |
| Vydáno: |
Hà Nội
Giao thông vận tải
2007
|
| Témata: | |
| Tagy: |
Přidat tag
Žádné tagy, Buďte první, kdo otaguje tento záznam!
|
| Thư viện lưu trữ: | Trung tâm Học liệu Trường Đại học Cần Thơ |
|---|
| LEADER | 01068nam a2200217Ia 4500 | ||
|---|---|---|---|
| 001 | CTU_129070 | ||
| 008 | 210402s9999 xx 000 0 und d | ||
| 020 | |c 48000 | ||
| 082 | |a 658.8 | ||
| 082 | |b Ph561 | ||
| 100 | |a Vũ, Thu Phương | ||
| 245 | 0 | |a Tiếp tục thực hành cạnh tranh bằng hiệu quả | |
| 245 | 0 | |c Vũ Thu Phương, Đỗ Thuỳ Vân | |
| 260 | |a Hà Nội | ||
| 260 | |b Giao thông vận tải | ||
| 260 | |c 2007 | ||
| 520 | |a Nội dung tập trung toàn bộ về hoạt động tiếp thị từ nguyên lý, chiến lược, lập kế hoạch và hành động. Từ đó giúp cho bạn đọc một sự dẫn dắt toàn diện, rõ ràng hiệu quả và từng bước một để tạo nên nhận thức của khách hàng và doanh thu cho doanh nghiệp của bạn. | ||
| 650 | |a Marketing,Quản lý tiếp thị | ||
| 650 | |x Management | ||
| 904 | |i Tuyến | ||
| 980 | |a Trung tâm Học liệu Trường Đại học Cần Thơ | ||